000 01747nam a2200241Ia 4500
003 Ost
005 20260507075447.0
008 260507s9999||||xx |||||||||||||| ||und||
020 _a75457049779
040 _cfsecg
041 _aara
082 _a352.749
100 _aالسلامات، ناصر عبد الحليم
_eمؤلف
245 0 _aالحماية الجزائية للعملات التجارية :
_bدراسة تحليلية مقارنة وفقا لاحدث التشريعات العربية والاجنبية /
_c ناصر عبد الحليم السلامات
260 _aالقاهرة:
_bدار النهضة العربية,
_c2008
300 _a512 صفحة؛
_bإيضاحات ؛
_c24 سم
520 _aيتناول الكتاب في محتواه مايلي مقدمة ،ماهية العلامة التجارية ، موضع العلامة التجارية من الحماية القانونية ، تحديد العلامة التجارية في محل الحماية القانونية ، دور التشريع العقابي في حماية العلامة التجارية ، عناصر النموذج القانوني لجريمة التعدي على العلامة التجارية نماذج الجرائم الواقعة على العلامة التجارية ، ضوابط المسؤولية الجزائية في جرائم التعدي على العلامة التجارية القواعد الاجرائية الخاصة بالدعوة الناشئة عن جرائم التعدي على العلامة التجارية .
653 _aتشريعات اجنبية
653 _aتشريعات عربية
653 _aحماية جزائية
653 _aعلامات تجارية
942 _cكتاب
999 _c44591
_d44591